Normal view
MARC view
- Coyle, John J.
Entry Personal Name
001 - CONTROL NUMBER
- control field: 13116
003 - CONTROL NUMBER IDENTIFIER
- control field: NUST
005 - DATE AND TIME OF LATEST TRANSACTION
- control field: 20190122120837.0
008 - FIXED-LENGTH DATA ELEMENTS
- fixed length control field: 190122|| aca||aabn | a|a d
040 ## - CATALOGING SOURCE
- Original cataloging agency: NUST
- Transcribing agency: NUST
100 ## - HEADING--PERSONAL NAME
- Personal name: Coyle, John J.
- Fuller form of name: (John Joseph),
- Dates associated with a name: 1935-
670 ## - SOURCE DATA FOUND
- Source citation: Work cat.: (NUST)0: Coyle, John J. (John Joseph), 1935-, Transportation /, c2006.
